| 000 | 00928nam a22002651u 4500 | ||
|---|---|---|---|
| 001 | 12549 | ||
| 003 | HDC | ||
| 007 | cr bn --- | ||
| 008 | 210209p2005 my eng | ||
| 040 | _aHDC | ||
| 100 |
_aYau, Peng Yam, _eauthor _913150 |
||
| 245 | 0 |
_aReduced phytotoxicity in biodegraded coir waste / _cby Yau Peng Yam and Richard James Murphy |
|
| 260 |
_aSerdang : _bMalaysian Agricultural Research and Development Institute (MARDI), _c2005 |
||
| 300 | _a1 page | ||
| 336 |
_atext _2rdacontent |
||
| 337 |
_acomputer _2rdamedia |
||
| 338 |
_aonline resource _2rdacarrier |
||
| 650 |
_aCoir waste _913152 |
||
| 650 |
_aCress bioassay _913210 |
||
| 650 |
_aPhytotoxicity _913209 |
||
| 856 | _zRequest full-text at [email protected] | ||
| 942 | _2lcc | ||
| 942 | _cAR | ||
| 942 | _kJART 003134 | ||
| 999 |
_c9872 _d9872 |
||